000 00755nam a2200205Ii 4500
003 JO-AjNU
008 230605s9999||||xx |||||||||||||| ||und||
040 _aJO-AjNU
_bara
_erda
_cJO-AjNU
041 _aara
050 1 4 _aPJ6575.Z3434 2008
100 3 _aزايد، فهد خليل,
_eauthor
_911748
245 0 0 _aموسوعة الأسماء: أحسن الأسماء في تسمية الأبناء
250 _aط1
264 3 1 _aعمان: دار النفائس للطباعة والنشر ةالتوزيع، 2008
300 _a295ص
336 _atext
_btxt
_2rdacontent
337 _aunmediated
_bn
_2rdamedia
338 _avolume
_bnc
_2rdacarrier
650 4 _aاسماء الاشخاص - معاجم - الاسماء العربية - معاجم
_911749
999 _aA2484
_c6052
_d6052